阪急電鉄全駅名クイズ - Statistics

General Stats
  • This quiz has been taken 300 times
  • The average score is 76 of 98
Answer Stats
路線 駅名 % Correct
神戸本線 大阪梅田
97%
宝塚本線 大阪梅田
97%
十三
96%
十三
96%
京都本線 十三
96%
神戸三宮
93%
中津
92%
中津
92%
西宮北口
91%
今津線 宝塚
91%
西宮北口
91%
宝塚
91%
89%
嵐山線
89%
箕面
88%
夙川
87%
伊丹
87%
甲陽線 夙川
87%
高槻市
87%
京都河原町
87%
雲雀丘花屋敷
86%
淡路
86%
茨木市
86%
淡路
86%
岡本
85%
今津
85%
嵐山
85%
北千里
84%
烏丸
83%
塚口
82%
伊丹線 塚口
82%
川西能勢口
82%
豊中
81%
石橋阪大前
81%
箕面線 石橋阪大前
81%
神崎川
79%
六甲
79%
御影
78%
甲陽園
78%
蛍池
78%
池田
78%
南茨木
78%
大宮
78%
春日野道
77%
南方
77%
武庫之荘
76%
王子公園
76%
阪神国道
75%
上新庄
75%
正雀
75%
長岡天神
75%
西院
75%
千里線 天神橋筋六丁目
75%
宝塚南口
74%
山本
74%
大山崎
74%
吹田
74%
芦屋川
73%
三国
73%
清荒神
73%
南千里
73%
園田
72%
仁川
72%
服部天神
72%
上牧
72%
水無瀬
72%
西向日
72%
東向日
72%
山田
72%
西京極
71%
下新庄
71%
関大前
71%
崇禅寺
70%
松尾大社
70%
柴島
69%
曽根
68%
中山観音
68%
売布神社
68%
総持寺
68%
西山天王山
68%
新伊丹
67%
小林
67%
甲東園
67%
門戸厄神
67%
上桂
67%
苦楽園口
66%
庄内
66%
岡町
66%
桜井
66%
相川
66%
摂津市
66%
富田
66%
逆瀬川
64%
牧落
63%
洛西口
62%
千里山
60%
稲野
59%
豊津
59%
No matching quizzes found
Score Distribution
Percent of People with Each Score
Percentile by Number Answered
Your Score History
You have not taken this quiz